| 000 | 00600nam a22001937a 4500 | ||
|---|---|---|---|
| 005 | 20251108164317.0 | ||
| 008 | 250721s1987 xx 000 0 ara d | ||
| 082 | 1 | 4 | _a797.2107/فيص |
| 100 | 1 | _aالعياش، فيصل | |
| 245 | 1 | 0 | _aالمبادئ الأساسيه لتعليم السباحة / |
| 264 | 1 |
_aإربد : _bدار الأمل للنشر و التوزيع، _c1987. |
|
| 300 | _a127ص : مص | ||
| 650 | 1 | 7 | _aالسباحة |
| 650 | 1 | 7 | _aالرياضة المائية |
| 700 | 1 | _aالديري، علي | |
| 700 | 1 | _aالربضي، هاني | |
| 942 |
_2ddc _cBK |
||
| 999 |
_c9011 _d9011 |
||